000 00549nam a2200181Ia 4500
008 151018s9999 xx 000 0 und d
082 _bRBASDV7779
_a891.463
100 _aअनंत फाटक
245 _aनाती नियतीची
250 _b1
260 _bकेशरी प्रकाशन
_c1972
300 _a128
600 _aअनंत फाटक
630 _aनाती नियतीची
700 _aअनंत फाटक
730 _aनाती नियतीची
942 _cBOOK
999 _c1010144
_d1010141